[Event "Caba Legislatura Cup"]
[Site "Caba"]
[Date "2018.04.10"]
[Round "5"]
[White "Tristan, Leonardo"]
[Black "Bobadilla Viera, Jorge Samuel"]
[Result "1-0"]
[WhiteElo "2465"]
[BlackElo "2300"]
[PlyCount "41"]
[EventDate "2018.04.06"]
[EventType "swiss"]
[EventRounds "9"]
[EventCountry "ARG"]
[SourceTitle "CBM 184 Extra"]
[Source "ChessBase"]
[SourceDate "2018.06.28"]
[SourceVersion "1"]
[SourceVersionDate "2018.06.28"]
[SourceQuality "1"]

1. e4 c5 2. Nc3 Nc6 3. Bb5 g6 4. Bxc6 dxc6 5. f4 Bg7 6. Nf3 Nf6 7. O-O O-O 8. d3 b6 9. Qe1 Ne8 ({RR} 9... Qc7 10. Qh4 Ng4 11. h3 Bf6 12. Qe1 Bd4+ 13. Nxd4 cxd4 14. hxg4 dxc3 15. Qh4 Qd7 16. bxc3 Qxg4 17. Qxe7 Be6 18. Qf6 Qh5 19. f5 gxf5 20. exf5 Bd5 21. c4 Bxg2 22. Bb2 {1-0 (22) Lanzilotta,F (1854)-Comas,M (1716) Montevideo URU 2025}) 10. f5 ({RR} 10. Be3 Nc7 11. Qh4 f6 12. Rad1 Nb5 13. Ne2 Qe8 14. c4 Nd6 15. g4 Nf7 16. Kh1 Qd7 17. Rg1 e5 18. f5 g5 19. Qf2 Re8 20. h4 h6 21. Ng3 Kf8 22. Nh5 Bh8 23. Rg2 a5 24. b3 Ke7 {Hernandez Guerrero,G (2547)-Cubas,J (2485) Caioba 2019 1-0 (34)}) 10... Nc7 11. Qh4 e5 $146 ({RR} 11... gxf5 12. Bh6 e6 13. Qg3 Ne8 14. exf5 exf5 15. Rae1 Qf6 16. Bg5 Qg6 17. Be7 Be6 18. Ng5 Nf6 19. Bxf8 Nh5 20. Qf3 Rxf8 21. Nxe6 fxe6 22. Ne2 e5 23. a3 Kh8 24. b4 c4 25. Ng3 Nf4 26. d4 {Lopez Idarraga,D (2073)-Cardenas,A (2020) Medellin 2015 1-0 (34)}) 12. Ng5 h6 13. f6 hxg5 14. Bxg5 Bh8 15. Rf3 Be6 16. g4 Bxg4 17. Qxg4 Ne6 18. Raf1 Re8 19. Rh3 Nxg5 20. Rxh8+ Kxh8 21. Qxg5 1-0

[Event "Titled Tue 30th Jul Early"]
[Site "chess.com INT"]
[Date "2024.07.30"]
[Round "4"]
[White "Klekowski, M.."]
[Black "Deng, Henry"]
[Result "1-0"]
[WhiteElo "2463"]
[BlackElo "2336"]
[PlyCount "47"]
[EventDate "2024.07.30"]

1. e4 c5 2. Nc3 e6 3. f4 d5 4. Nf3 dxe4 5. Nxe4 Nf6 6. Nf2 Bd6 ({RR} 6... Nd5 7. g3 b6 8. Bg2 Bb7 9. O-O Nc6 10. b3 Be7 11. Bb2 O-O 12. Qe2 Bf6 13. Ne5 Rc8 14. Ne4 Nd4 15. Bxd4 cxd4 16. c4 dxc3 17. dxc3 Bxe5 18. fxe5 Nxc3 19. Nxc3 Bxg2 20. Rfd1 Qe7 21. Nb5 {Cordeiro,M (2048)-Leschinsky,G (1992) chess.com INT 2025 0-1 (31)}) 7. g3 ({RR} 7. Nd3 O-O 8. b3 b6 9. g3 Ba6 10. Bb2 Nc6 11. Nde5 Bxf1 12. Nxc6 Qc7 13. Rxf1 Qxc6 14. Qe2 b5 15. Ng5 Be7 16. a4 a6 17. Qf3 Qd7 18. axb5 Rad8 19. Rf2 axb5 20. Re2 c4 21. bxc4 bxc4 {Wippermann,T (2427)-Alekseev,E (2606) Biel 2004 0-1 (40)}) 7... b6 8. Bb5+ $146 ({RR} 8. Bg2 Bb7 9. O-O O-O 10. b3 Nbd7 11. Bb2 b5 12. d3 Qb6 13. Re1 Rac8 14. c4 Nb8 15. Ng5 Bxg2 16. Bxf6 Qb7 17. Qh5 h6 18. Ng4 Nd7 19. Qxh6 Nxf6 20. Nxf6+ gxf6 21. Qh7# {1-0 (21) Sigurjonsson,G-Olafsson,O Reykjavik 1972}) 8... Bd7 9. a4 O-O 10. O-O Nc6 11. Re1 Qc7 12. b3 a6 13. Bd3 e5 14. Bb2 Rfe8 15. Ne4 Nxe4 16. Bxe4 exf4 17. Ng5 h6 18. Qh5 Be6 19. Bxc6 Qxc6 20. Rxe6 hxg5 21. Rh6 Kf8 22. Qxg5 gxh6 23. Bg7+ Kg8 24. Bxh6+ 1-0

[Event "Titled Tue 9th Jul Early"]
[Site "chess.com INT"]
[Date "2024.07.09"]
[Round "10"]
[White "Klekowski, M.."]
[Black "Kamsky, G.."]
[Result "1-0"]
[WhiteElo "2463"]
[BlackElo "2615"]
[PlyCount "85"]
[EventDate "2024.07.09"]

1. e4 c5 2. Nc3 e6 3. f4 d5 4. Nf3 dxe4 5. Nxe4 Nc6 6. Bb5 Bd7 7. O-O Nf6 8. d3 Be7 ({RR} 8... Qb6 9. Bc4 Na5 10. Ne5 Nxc4 11. Nxc4 Qc7 12. f5 Nxe4 13. dxe4 e5 14. Ne3 Bc6 15. f6 g6 16. Qf3 O-O-O 17. c4 Rd4 18. Nd5 Bxd5 19. cxd5 c4 20. Kh1 Bc5 21. Be3 Rd3 22. Qg4+ Kb8 23. Bxc5 {Nakamura,H (2787)-Carlsen,M (2835) chess.com INT 2023 0-1 (53)}) ({RR} 8... a6 9. Bxc6 Bxc6 10. Nxf6+ Qxf6 11. Ne5 Rc8 12. b3 Bd6 13. Bb2 Bxe5 14. fxe5 Qg5 15. Qe2 b5 16. Bc1 Qg6 17. Rf4 h5 18. Rh4 Qf5 19. Bd2 g5 20. Rxh5 Rxh5 21. Qxh5 Kd7 22. Qxg5 Qh7 23. Rf1 {Schaudienst,A (1768)-Kaplan,S Marburg GER 2024 0-1 (65)}) 9. Kh1 O-O 10. Be3 Nd4 $146 ({RR} 10... b6 11. a4 Qc7 12. Qe1 Rad8 13. Qg3 Nxe4 14. dxe4 Nb4 15. Qf2 Bc6 16. c3 Nd3 17. Bxd3 Rxd3 18. Ne5 Rdd8 19. Nxc6 Qxc6 20. e5 Rd3 21. a5 b5 22. a6 Rfd8 23. Qf3 Qxf3 24. Rxf3 Rd1+ 25. Rf1 {Matras Clement,A (2251)-Voloshin,L (2479) Guben 2003 0-1 (54)}) 11. Bxd7 Qxd7 12. Bxd4 cxd4 13. Nxf6+ Bxf6 14. a4 Rac8 15. Nd2 b6 16. Rf2 Be7 17. Nc4 Rc5 18. b4 Rd5 19. b5 Bd6 20. Qe2 Bc7 21. Rf3 g6 22. Rff1 Qe7 23. g3 Qf6 24. Rfb1 h5 25. h4 e5 26. fxe5 Bxe5 27. Rf1 Qe6 28. Rae1 Bxg3 29. Qxe6 fxe6 30. Rxf8+ Kxf8 31. Rxe6 Kf7 32. Rc6 Bxh4 33. Rc7+ Ke6 34. Rxa7 Rf5 35. Nxb6 Rf1+ 36. Kg2 Rf2+ 37. Kg1 Rxc2 38. Nc4 Rc3 39. a5 Rxd3 40. a6 Rb3 41. Rb7 d3 42. a7 Ra3 43. Rb6+ 1-0

[Event "Titled Tuesday intern op 22 Mar Late"]
[Site "Chess.com INT"]
[Date "2022.03.22"]
[Round "10"]
[White "Matinian, Nikita"]
[Black "Godzwon, Iwo"]
[Result "1-0"]
[WhiteElo "2460"]
[BlackElo "2321"]
[PlyCount "69"]
[EventDate "2022.03.22"]
[EventType "swiss (blitz)"]
[EventRounds "11"]
[EventCountry "USA"]
[SourceTitle "CBM 207 Extra"]
[Source "ChessBase"]
[SourceDate "2022.05.31"]
[SourceVersion "1"]
[SourceVersionDate "2022.05.31"]
[SourceQuality "1"]

1. e4 c5 2. Nc3 e6 3. f4 d5 4. Nf3 dxe4 5. Nxe4 Be7 6. Bb5+ Bd7 7. Qe2 ({RR} 7. Bxd7+ Nxd7 8. O-O Nh6 9. b3 Nf5 10. Bb2 Qc7 11. Qe2 O-O-O 12. Rae1 h6 13. Kh1 Rhg8 14. d3 g5 15. g4 Nd6 16. Ne5 gxf4 17. Rxf4 f5 18. Ng3 Nxe5 19. Qxe5 Bg5 20. Rff1 Qc6+ 21. Kg1 Kb8 {Kosten,A (2515)-Todorovic,G (2425) Belgrade 1988 1-0 (38)}) 7... Nf6 8. Ne5 ({RR} 8. Bxd7+ Nbxd7 9. f5 O-O 10. fxe6 fxe6 11. Neg5 Qe8 12. Nxe6 Qg6 13. Nxf8 Bxf8 14. O-O Qxc2 15. Ne5 Nxe5 16. Qxe5 Re8 17. Qc3 Qe4 18. d3 Qe2 19. Bg5 Qg4 20. Bxf6 gxf6 21. Qxf6 Qd7 22. Rae1 Bg7 {Auribault,L (2207)-Deng,H (2327) chess.com INT 2025 1-0 (35)}) ({RR} 8. O-O O-O 9. Bc4 Bc6 10. d3 Nbd7 11. Bd2 Qc7 12. Bc3 Rfe8 13. Ne5 Bd5 14. Bb5 a6 15. Nxf6+ Nxf6 16. Bxe8 Rxe8 17. b3 b5 18. Rae1 Bd6 19. h3 Nd7 20. Nxd7 Qxd7 21. Be5 Bf8 22. Bb2 b4 {Bugayev,V-Godzwon,I (2375) Chess.com INT 2021 1-0 (35)}) 8... O-O 9. Nxf6+ $146 ({RR} 9. Nxd7 Nbxd7 10. c3 Nxe4 11. Qxe4 a6 12. Bd3 Nf6 13. Qe2 Qd5 14. O-O Rfd8 15. Bc2 c4 16. Rf3 Bc5+ 17. Kh1 Ng4 18. h3 f5 19. hxg4 fxg4 20. Re3 Qh5+ 21. Kg1 Qh4 22. b4 g3 23. Qf3 Bxe3+ {Dehtiarov,R (2300)-Fishchuk,V (2159) chess.com INT 2022 1-0}) 9... Bxf6 10. a4 a6 11. Bxd7 Nxd7 12. Ra3 Qc7 13. Nxd7 Qxd7 14. a5 Rac8 15. Rh3 g6 16. d3 Qc7 17. O-O c4 18. dxc4 Qxc4 19. Qxc4 Rxc4 20. c3 Rd8 21. Be3 Ra4 22. g4 Rxa5 23. Bb6 Rad5 24. Bxd8 Bxd8 25. Rg3 Bb6+ 26. Kh1 h5 27. gxh5 Rxh5 28. Rd1 Bc7 29. Rg4 Rb5 30. b4 Kg7 31. Rd7 Bb8 32. h4 Rb6 33. h5 Kf6 34. h6 Rb5 35. Rh4 1-0

[Event "USA-chT Amateur East"]
[Site "Parsippany"]
[Date "2008.02.17"]
[Round "3"]
[White "Lapshun, Yury"]
[Black "Bauer, Richard N"]
[Result "1-0"]
[WhiteElo "2458"]
[BlackElo "2272"]
[PlyCount "121"]
[EventDate "2008.02.16"]
[EventType "team"]
[EventRounds "6"]
[EventCountry "USA"]
[SourceTitle "CBM 123 Extra"]
[Source "ChessBase"]
[SourceDate "2008.05.06"]
[SourceVersion "1"]
[SourceVersionDate "2008.05.06"]
[SourceQuality "1"]

1. e4 c5 2. Nc3 e6 3. f4 d5 4. Nf3 dxe4 5. Nxe4 Be7 6. Bc4 Nf6 ({RR} 6... Nc6 7. d3 Nh6 8. Ne5 Bd7 9. Nxd7 Qxd7 10. Be3 Nf5 11. Bf2 Na5 12. Bb3 b6 13. O-O O-O 14. Qe2 Rfd8 15. Rad1 h6 16. c3 Nxb3 17. axb3 Qb5 18. Qc2 Rd7 19. g4 Nd6 20. Nxd6 Rxd6 21. Bg3 {Minasian,A (2530)-Kharlov,A (2555) Moscow 1992 0-1}) 7. Qe2 ({RR} 7. d3 O-O 8. O-O Nc6 9. Kh1 Na5 10. Qe2 Nxc4 11. dxc4 Qc7 12. Bd2 b6 13. Bc3 Nxe4 14. Qxe4 Bb7 15. Qe5 Qxe5 16. fxe5 {0-1 (16) Jorge,D (1903)-Aranha Filho,A (2316) Florianopolis 2018}) 7... Nc6 8. d3 O-O 9. O-O $146 ({RR} 9. c3 a6 10. a4 b6 11. O-O Qc7 12. Bd2 Bb7 13. Rae1 Rad8 14. Ne5 Nxe5 15. Nxf6+ Bxf6 16. fxe5 Bh4 17. Rd1 Be7 18. Qg4 Bd5 19. Bxa6 Qxe5 20. Bf4 f5 21. Bxe5 fxg4 22. Bc7 Ra8 23. Bb5 Bb3 {Malar,P (2045)-Harasta,V (2145) Slovakia 1997 1-0 (74)}) ({RR} 9. c3 Rb8 10. Be3 b6 11. Nxf6+ Bxf6 12. O-O Bb7 13. Ng5 Ne7 14. Ne4 Nd5 15. f5 Nxe3 16. Qxe3 Bxe4 17. dxe4 b5 18. Rad1 Qc7 19. Be2 c4 20. fxe6 fxe6 21. Bg4 Qe5 22. Qf4 Qxf4 23. Bxe6+ Kh8 {Kolosowski,M (2011)-Kanarek,M (2026) Koszalin 2005 ½-½ (81)}) 9... Na5 10. Bb3 Nxb3 11. axb3 b6 12. Bd2 Bb7 13. Bc3 Nd5 14. Ne5 Nxc3 15. bxc3 f6 16. Nc4 Re8 17. Rae1 Bf8 18. Qh5 g6 19. Qh4 Be7 20. Re3 Bxe4 21. dxe4 f5 22. Qh3 b5 23. Rd3 Qc7 24. Ne5 Bd6 25. Nd7 Qxd7 26. e5 c4 27. Rxd6 Qc7 28. Rfd1 Rad8 29. Qe3 Rxd6 30. exd6 Qb6 31. Qxb6 axb6 32. Kf2 Rd8 33. d7 Kf7 34. Rd6 Ke7 35. Rxb6 Rxd7 36. Ke2 cxb3 37. cxb3 Rd5 38. Rb7+ Kf6 39. Rxh7 e5 40. fxe5+ Rxe5+ 41. Kd3 Rd5+ 42. Ke3 g5 43. g3 Ke5 44. Re7+ Kf6 45. Re8 Kf7 46. Rb8 Ke6 47. Re8+ Kf6 48. h4 Kf7 49. Rc8 gxh4 50. gxh4 Kg6 51. c4 bxc4 52. Rxc4 Rd1 53. b4 Rb1 54. Kd3 Kf6 55. Kc2 Rg1 56. b5 Ke5 57. b6 Rg8 58. Rb4 f4 59. Kd3 Kf5 60. Rb5+ Kg4 61. Rg5+ 1-0

[Event "Plovdiv Bulgarian op 33rd"]
[Site "Plovdiv"]
[Date "2011.02.01"]
[Round "4"]
[White "Smith, Bryan G"]
[Black "Stamenkov, Vanco"]
[Result "1-0"]
[WhiteElo "2458"]
[BlackElo "2346"]
[PlyCount "51"]
[EventDate "2011.01.30"]
[EventType "swiss"]
[EventRounds "9"]
[EventCountry "BUL"]
[SourceTitle "CBM 140 Extra"]
[Source "ChessBase"]
[SourceDate "2011.03.01"]
[SourceVersion "1"]
[SourceVersionDate "2011.03.01"]
[SourceQuality "1"]

1. e4 c5 2. Nc3 Nc6 3. Bb5 g6 4. Bxc6 dxc6 5. f4 Bg7 6. Nf3 Nf6 7. O-O O-O 8. d3 b6 9. Qe1 Bg4 ({RR} 9... Ne8 10. Be3 Nc7 11. Qh4 f6 12. Rad1 Nb5 13. Ne2 Qe8 14. c4 Nd6 15. g4 Nf7 16. Kh1 Qd7 17. Rg1 e5 18. f5 g5 19. Qf2 Re8 20. h4 h6 21. Ng3 Kf8 22. Nh5 Bh8 23. Rg2 a5 24. b3 {Hernandez Guerrero,G (2547)-Cubas,J (2485) Caioba 2019 1-0 (34)}) ({RR} 9... Qc7 10. Qh4 Ng4 11. h3 Bf6 12. Qe1 Bd4+ 13. Nxd4 cxd4 14. hxg4 dxc3 15. Qh4 Qd7 16. bxc3 Qxg4 17. Qxe7 Be6 18. Qf6 Qh5 19. f5 gxf5 20. exf5 Bd5 21. c4 Bxg2 22. Bb2 {1-0 (22) Lanzilotta,F (1854)-Comas,M (1716) Montevideo URU 2025}) 10. Ne5 Qc7 11. Qh4 Bc8 12. Bd2 $146 ({RR} 12. g4 h6 13. Bd2 Nh7 14. Rae1 Be6 15. Nf3 f6 16. f5 g5 17. Qf2 Bf7 18. h4 e5 19. Kg2 Rfd8 20. hxg5 fxg5 21. b3 Qd6 22. Be3 Qf6 23. Bc1 Nf8 24. Bb2 Nd7 25. Nd1 Qe7 26. Ne3 Bf6 {Getmanchuk,A (2140)-Michenka,J (2274) Litomysl 2018 ½-½ (42)}) 12... Ne8 13. Nf3 f5 14. exf5 Bxf5 15. g4 Bc8 16. f5 gxf5 17. Bh6 Bxh6 18. Qxh6 Rf6 19. Qh4 Rg6 20. g5 Nd6 21. Ne2 Nf7 22. Nf4 Rd6 23. Rae1 c4 24. g6 hxg6 25. Rxe7 g5 26. Re8+ 1-0

[Event "Australian Masters GM"]
[Site "Melbourne"]
[Date "2015.12.17"]
[Round "6"]
[White "Izzat, Kanan Azar"]
[Black "Johansen, Darryl Keith"]
[Result "1-0"]
[WhiteElo "2456"]
[BlackElo "2427"]
[PlyCount "61"]
[EventDate "2015.12.12"]
[EventType "tourn"]
[EventRounds "9"]
[EventCountry "AUS"]
[EventCategory "8"]
[SourceTitle "EXT 2017"]
[Source "ChessBase"]
[SourceDate "2016.10.25"]
[SourceVersion "1"]
[SourceVersionDate "2016.10.25"]
[SourceQuality "1"]
[WhiteClock "0:20:03"]
[BlackClock "0:13:45"]

1. e4 c5 2. d4 cxd4 3. c3 dxc3 4. Nxc3 Nc6 5. Nf3 e6 6. Bc4 a6 7. O-O Nge7 8. Bg5 f6 9. Be3 b5 10. Bb3 Ng6 11. Nd5 Rb8 12. Rc1 Be7 13. Nxe7 Ngxe7 14. Qd6 O-O 15. Rfd1 Qe8 ({RR} 15... Kh8 16. Bc5 Qa5 17. Qg3 Ra8 18. Bd6 Re8 19. a3 Ra7 20. h4 f5 21. e5 Bb7 22. Bc5 Bc8 23. Bxa7 Nxa7 24. Ng5 Rf8 25. Qd3 Nac6 26. h5 f4 27. Qe4 Rf5 28. Nf3 Rxh5 29. Qxf4 Rf5 30. Qe4 {Babak,Y (1891)-Siddharth,S (1603) Penang MAS 2023 1-0 (60)}) 16. Bc5 Rf7 17. h4 $146 ({RR} 17. Qg3 Bb7 18. Qc7 d5 19. Qg3 Na5 20. Bxe7 Rxe7 21. e5 Nxb3 22. axb3 Qg6 23. Qh4 Rf8 24. Qb4 Ref7 25. Qd6 d4 26. Rc6 Bxc6 27. Qxc6 fxe5 28. Nxe5 Qh5 29. Re1 Rxf2 30. Qxe6+ Kh8 31. Nd7 Qg5 {Perov,G (2069)-Frolyanov,D (2567) Serpukhov 2018 0-1 (38)}) 17... Ng6 18. h5 Nf8 19. Qg3 Bb7 20. Bc2 Rc8 21. b4 Kh8 22. a4 bxa4 23. Bxa4 g5 24. Bxc6 Bxc6 25. Ne5 Bxe4 26. Nxf7+ Qxf7 27. Qa3 Bb7 28. Bxf8 Rxf8 29. b5 Ra8 30. bxa6 Rxa6 31. Rxd7 1-0

[Event "Wch Rapid (Women)"]
[Site "Batumi"]
[Date "2012.05.31"]
[Round "3"]
[White "Muzychuk, Mariya"]
[Black "Gaprindashvili, Nona"]
[Result "1-0"]
[WhiteElo "2456"]
[BlackElo "2356"]
[PlyCount "49"]
[EventDate "2012.05.31"]
[EventType "swiss (rapid)"]
[EventRounds "11"]
[EventCountry "GEO"]
[SourceTitle "CBM 148 Extra"]
[Source "ChessBase"]
[SourceDate "2012.06.22"]
[SourceVersion "1"]
[SourceVersionDate "2012.06.22"]
[SourceQuality "1"]

1. d4 {ChessBase II} c5 2. e4 cxd4 3. c3 dxc3 4. Nxc3 Nc6 5. Nf3 d6 6. Bc4 e6 7. O-O Be7 8. Qe2 a6 9. Rd1 Qc7 10. Bf4 Ne5 11. Bb3 Bd7 12. Rac1 Qb8 13. Bxe5 dxe5 14. Rxd7 Kxd7 15. Ba4+ $146 ({RR} 15. Nb5 Nf6 16. Nc7 ({RR} 16. Qd3+) 16... Bd6 17. Nxa8 Qxa8 18. Qd3 Ke7 19. Nd2 Rd8 20. Nc4 b5 21. Nxd6 Rxd6 22. Qe3 Qxe4 23. Qc5 Qd4 24. Qc8 Ne4 ({RR} 24... Qxb2) 25. Qc2 Qd2 26. Rd1 Qxc2 27. Bxc2 Rxd1+ 28. Bxd1 Nd2 29. f3 Nc4 {De Gregorio,A (1967)-Keysener,P (1712) Geneve 2013 EXT 2014 [ChessBase II] ½-½ (74)} ({RR} 29... f5) ({RR} 29... g6)) 15... b5 16. Nxb5 axb5 17. Bxb5+ Kd8 18. Rd1+ Kc8 19. Bd7+ Kb7 20. Qb5+ Ka7 21. Qa5+ Kb7 22. Bc6+ Kc8 23. Bxa8 Qc7 24. Qa6+ Kb8 25. Nxe5 1-0

[Event "Chess.com Bullet op2"]
[Site "Chess.com INT"]
[Date "2020.12.19"]
[Round "5"]
[White "Taher, Yoseph Theolifus"]
[Black "Grieve, Harry"]
[Result "1-0"]
[WhiteElo "2455"]
[BlackElo "2351"]
[PlyCount "129"]
[EventDate "2020.12.19"]
[EventType "swiss (blitz)"]
[EventRounds "21"]
[EventCountry "USA"]
[SourceTitle "EXT 2022"]
[Source "ChessBase"]
[SourceDate "2021.10.06"]
[SourceVersion "1"]
[SourceVersionDate "2021.10.06"]
[SourceQuality "1"]

1. e4 c5 2. Nc3 e6 3. f4 d5 4. Nf3 dxe4 5. Nxe4 Nc6 6. Bb5 Bd7 7. Bxc6 Bxc6 8. d3 Be7 9. Qe2 Nf6 10. O-O O-O 11. b3 Nxe4 $146 ({RR} 11... b6 12. Bb2 Bb7 13. Rad1 Rc8 14. c4 Rc7 15. Ne5 h6 16. Rf3 Qa8 17. Nxf6+ Bxf6 18. Rg3 Kh7 19. Qg4 Rg8 20. h4 g6 21. Re1 h5 22. Qe2 Qd8 23. Rg5 Bxg5 24. fxg5 f6 25. gxf6 Qxf6 26. Ng4 {Vasconcelos,P-Guerra,V (2120) Lisbon 1999 1-0}) 12. dxe4 Bf6 13. e5 Be7 14. Be3 b6 15. Rad1 Qc7 16. Ng5 h6 17. Nf3 Rad8 18. Rde1 Rd7 19. Qf2 Qb7 20. Qg3 Kh8 21. Qh3 Be4 22. g4 Rfd8 23. f5 exf5 24. gxf5 Bxf3 25. Rxf3 Rd1 26. Rff1 Rxe1 27. Rxe1 Qe4 28. f6 Bf8 29. Qg3 Rd5 30. Bxh6 Qd4+ 31. Be3 Qxe5 32. Qh3+ Kg8 33. Qg3 Qxg3+ 34. hxg3 gxf6 35. Bf4 Bd6 36. Kf2 Bxf4 37. gxf4 f5 38. Kf3 Rd2 39. Re8+ Kg7 40. Ra8 Rxc2 41. Rxa7 Rc3+ 42. Ke2 b5 43. Rc7 b4 44. Ra7 Kg6 45. Kf2 Kh5 46. Rxf7 Kg4 47. Rh7 Kxf4 48. Rh4+ Ke5 49. Rh8 f4 50. Re8+ Kf5 51. Rf8+ Ke4 52. Rg8 Kd3 53. Kf3 Kc2+ 54. Kxf4 Kb2 55. Ke5 Kxa2 56. Kd5 Kxb3 57. Rg2 c4 58. Kc5 Rc2 59. Rg3+ c3 60. Rg1 Kb2 61. Kxb4 Rc1 62. Rg2+ c2 63. Rg8 Kb1 64. Rg3 Rd1 65. Rb3+ 1-0

[Event "Titled Tuesday intern op 7th April"]
[Site "Chess.com INT"]
[Date "2020.04.07"]
[Round "8"]
[White "Yoo, Christopher Woojin"]
[Black "Matlakov, Maxim"]
[Result "1-0"]
[WhiteElo "2455"]
[BlackElo "2685"]
[PlyCount "55"]
[EventDate "2020.04.07"]
[EventType "swiss (blitz)"]
[EventRounds "10"]
[EventCountry "USA"]
[SourceTitle "EXT 2021"]
[Source "ChessBase"]
[SourceDate "2020.10.23"]
[SourceVersion "1"]
[SourceVersionDate "2020.10.23"]
[SourceQuality "1"]

1. e4 c5 2. d4 cxd4 3. c3 dxc3 4. Nxc3 Nc6 5. Nf3 e6 6. Bc4 a6 7. O-O Nge7 8. Bg5 Qc7 9. Rc1 Ng6 10. Nd5 exd5 11. exd5 Nce5 12. Bb3 $146 ({RR} 12. Nxe5 Nxe5 13. Bf4 Bd6 14. Re1 O-O 15. Bxe5 Bxe5 16. Bd3 Qd6 17. Qh5 f5 18. Bxf5 Bxh2+ 19. Qxh2 Qxh2+ 20. Kxh2 Rxf5 21. Re8+ Kf7 22. Rexc8 Rxc8 23. Rxc8 Rxd5 24. Rc7 b6 25. Ra7 a5 26. Rb7 Rd6 {Kaluzny,M (1685)-Dobes,V (1816) Kouty nad Desnou 2010 1-0 (59)}) 12... Qd6 13. Nxe5 Nxe5 14. Re1 f6 15. f4 fxg5 16. fxe5 Qb6+ 17. Kh1 Bb4 18. d6 Bxe1 19. Qh5+ g6 20. Qxg5 Qd8 21. Qh6 Qh4 22. Qg7 Rf8 23. Bc4 Bg3 24. h3 b5 25. Rf1 Bf4 26. Rxf4 Rxf4 27. Qg8+ Rf8 28. Bf7+ 1-0

[Event "Titled Tuesday intern op 01st Mar Early"]
[Site "Chess.com INT"]
[Date "2022.03.01"]
[Round "2"]
[White "Matinian, Nikita"]
[Black "Eynullayev, Atilla Elshan"]
[Result "1-0"]
[WhiteElo "2454"]
[BlackElo "2324"]
[PlyCount "113"]
[EventDate "2022.03.01"]
[EventType "swiss (blitz)"]
[EventRounds "11"]
[EventCountry "USA"]
[SourceTitle "CBM 207 Extra"]
[Source "ChessBase"]
[SourceDate "2022.05.31"]
[SourceVersion "1"]
[SourceVersionDate "2022.05.31"]
[SourceQuality "1"]

1. e4 c5 2. Nc3 e6 3. f4 d5 4. Nf3 dxe4 5. Nxe4 Nf6 6. Bb5+ Bd7 7. Qe2 a6 ({RR} 7... Nxe4 8. Bxd7+ Qxd7 9. Qxe4 Nc6 10. O-O Be7 11. d3 O-O 12. Bd2 Qd5 13. Rfe1 Bf6 14. Bc3 Bxc3 15. bxc3 Qxe4 16. Rxe4 b6 17. a4 Rfd8 18. Ne5 Nxe5 19. Rxe5 g6 20. a5 Kf8 21. Kf2 Ke7 22. c4 {Swicarz,M (2261)-Passen,B (1861) chess.com INT 2024 1-0 (35)}) 8. Bxd7+ Nbxd7 9. d3 Be7 10. f5 $146 ({RR} 10. O-O O-O 11. Bd2 Qc7 12. c4 Rad8 13. Rad1 Rfe8 14. g3 Qc6 15. b3 Nxe4 16. dxe4 Bf6 17. e5 Be7 18. Bc3 Nb8 19. h4 Rxd1 20. Rxd1 Rd8 21. Rxd8+ Bxd8 22. Nd2 Be7 {½-½ (22) Pickersgill,A (1948)-Wright,D (2235) Torquay 2019}) 10... Nxe4 11. fxe6 fxe6 12. Qxe4 Qb6 13. O-O Nf6 14. Qc4 O-O 15. Re1 Nd5 16. Bg5 Bd6 17. Rxe6 Bxh2+ 18. Kxh2 Qxe6 19. Re1 Qd6+ 20. Re5 Rxf3 21. Qxd5+ Qxd5 22. Rxd5 Rf2 23. Rxc5 Re8 24. Bh4 Rd2 25. Bg5 Rf2 26. Bh4 Rf7 27. a4 h6 28. a5 g5 29. Bg3 Kg7 30. b4 Kg6 31. c4 h5 32. b5 h4 33. Be5 axb5 34. cxb5 Ra8 35. b6 Rd7 36. d4 Re7 37. Kh3 Rf7 38. Kg4 Raf8 39. Bh2 Rf2 40. Rxg5+ Kh6 41. Kxh4 R8f4+ 42. Bxf4 Rxf4+ 43. Rg4 Rf5 44. Re4 Rxa5 45. Re6+ Kg7 46. Re7+ Kf6 47. Rxb7 Rd5 48. g4 Rxd4 49. Rc7 Rb4 50. b7 Kg6 51. Kg3 Rb3+ 52. Kf4 Rb4+ 53. Ke5 Kg5 54. Kd6 Kxg4 55. Kc6 Rc4+ 56. Kd7 Rd4+ 57. Kc8 1-0

[Event "ARM-ch 1st League 80th"]
[Site "Yerevan"]
[Date "2019.08.20"]
[Round "3"]
[White "Mikaelyan, Arman"]
[Black "Harutyunian, Tigran K"]
[Result "1-0"]
[WhiteElo "2454"]
[BlackElo "2555"]
[PlyCount "87"]
[EventDate "2019.08.18"]
[EventType "tourn"]
[EventRounds "13"]
[EventCountry "ARM"]
[EventCategory "6"]
[SourceTitle "EXT 2020"]
[Source "ChessBase"]
[SourceDate "2019.10.17"]
[SourceVersion "1"]
[SourceVersionDate "2019.10.17"]
[SourceQuality "1"]

1. e4 c5 2. Nc3 e6 3. f4 d5 4. Nf3 dxe4 5. Nxe4 Nf6 6. Nxf6+ Qxf6 7. g3 Bd7 8. Ne5 Bc6 9. Nxc6 Nxc6 10. Bg2 Rc8 ({RR} 10... g6 11. O-O Bg7 12. Rb1 O-O 13. d3 Rfd8 14. Qf3 c4 15. dxc4 Qd4+ 16. Be3 Qxc4 17. c3 Qxa2 18. Qe2 Qb3 19. h4 Ne7 20. Bf2 Rd7 21. Rfd1 Rad8 22. Rxd7 Rxd7 23. Bf1 Nf5 24. g4 Nh6 25. f5 {Janaszak,D (2306)-Amburgy,R (2293) chess.com INT 2025 1-0 (81)}) 11. O-O $146 ({RR} 11. d3 Be7 12. O-O O-O 13. c3 Rfd8 14. Be4 g6 15. Be3 Qg7 16. Qe2 b6 17. g4 f5 18. Bf3 Rd6 19. Bf2 Rcd8 20. Rfe1 R8d7 21. Kh1 Qf7 22. Rad1 Bf6 23. Qf1 Ne7 24. Qg2 Rxd3 25. Rxd3 Rxd3 {Jackson,O (2189)-Canonne,A (2014) Guernsey 2012 1-0 (79)}) 11... h5 12. d3 g6 13. c3 Bg7 14. Be3 Qe7 15. Qa4 a6 16. Qa3 Nb8 17. Rae1 Rc7 18. f5 gxf5 19. Bf4 O-O 20. Bxc7 Qxc7 21. Qb3 b5 22. Qd1 h4 23. g4 f4 24. g5 b4 25. Qh5 Nd7 26. Qxh4 bxc3 27. bxc3 Bxc3 28. Re2 Ne5 29. Qxf4 Qd6 30. Kh1 Qd4 31. Re4 Qd5 32. Qg3 Ng6 33. Rc4 Qe5 34. Qxe5 Bxe5 35. Rxc5 Bd6 36. Rc6 Be7 37. Rxa6 Bxg5 38. Ra8 Be3 39. a4 f5 40. a5 Ne5 41. Rxf8+ Kxf8 42. a6 Ke7 43. Re1 f4 44. a7 1-0

[Event "chess.com SpeedChess Q1Sw"]
[Site "chess.com INT"]
[Date "2023.08.21"]
[Round "12"]
[White "Plazuelo Pascual, Juan"]
[Black "Kumaran, B.."]
[Result "1-0"]
[WhiteElo "2454"]
[BlackElo "2298"]
[PlyCount "95"]
[EventDate "2023.08.21"]

1. e4 c5 2. Nc3 Nc6 3. Bb5 g6 4. Bxc6 dxc6 5. d3 Bg7 6. f4 Nf6 7. Nf3 O-O 8. O-O b6 9. Qe1 Bg4 ({RR} 9... Ba6 10. b3 Nd7 11. e5 f6 12. Bb2 fxe5 13. fxe5 Qc7 14. Nd1 Rf4 15. e6 Bxb2 16. Nxb2 Nf6 17. Qe5 Rc8 18. Rae1 Qxe5 19. Nxe5 Rxf1+ 20. Kxf1 Bb7 21. a4 Rf8 22. Kg1 Nd5 23. Nbc4 Nf4 24. Nd7 {Indjic,A (2641)-Kanakaris,G (2391) chess.com INT 2023 1-0 (43)}) ({RR} 9... Ba6 10. f5 Qc7 11. Qh4 e5 12. Bh6 Qe7 13. Ng5 Nh5 14. Bxg7 Kxg7 15. Ne6+ {1-0 (15) Bersamina,P (2411)-Naudin,Y (1916) Bangkok THA 2025}) 10. Ne5 Qc7 11. Qh4 Bc8 $146 ({RR} 11... Be6 12. h3 b5 13. Nf3 c4 14. f5 gxf5 15. Bh6 Bxh6 16. Qxh6 Kh8 17. e5 Ng8 18. Qh5 cxd3 19. cxd3 Rad8 20. d4 f6 21. Rfe1 c5 22. exf6 Nxf6 23. Qh4 cxd4 24. Nxb5 Qb6 25. Nbxd4 Rg8 26. Re2 {Masague Artero,G (2302)-Remizov,Y (2421) chess.com INT 2023 0-1 (46)}) 12. h3 Nd7 13. Nf3 f6 14. Qf2 e5 15. f5 Rd8 16. Qh4 Nf8 17. g4 a5 18. g5 Qe7 19. gxf6 Bxf6 20. Bg5 Bxg5 21. Nxg5 Rd6 22. Kh2 Ra7 23. Rg1 Kh8 24. Raf1 Qg7 25. Qf2 Rf6 26. Qg3 gxf5 27. Qxe5 Rg6 28. Qb8 Qc7+ 29. Qxc7 Rxc7 30. exf5 Rf6 31. Nce4 Rxf5 32. Rxf5 Bxf5 33. Rf1 Bxe4 34. Rxf8+ Kg7 35. Ne6+ Kg6 36. Nxc7 Bf5 37. Rb8 b5 38. Na6 c4 39. dxc4 bxc4 40. c3 Kg5 41. Rb6 Be4 42. Nb8 Kf4 43. Nxc6 Ke3 44. Nxa5 Kd3 45. Nxc4 Kxc4 46. Rb4+ Kd3 47. Rxe4 Kxe4 48. a4 1-0